[Event "Vellmar op-A 5th"]
[Site "Vellmar"]
[Date "2013.07.26"]
[Round "3"]
[White "Kies, Wolfgang"]
[Black "Niemeyer, Norbert"]
[Result "1-0"]
[WhiteElo "1916"]
[BlackElo "1758"]
[PlyCount "59"]
[EventDate "2013.07.25"]
[EventType "swiss"]
[EventRounds "7"]
[EventCountry "GER"]
[SourceTitle "EXT 2015"]
[Source "ChessBase"]
[SourceDate "2014.11.20"]
[SourceVersion "1"]
[SourceVersionDate "2014.11.20"]
[SourceQuality "1"]

1. e4 Nf6 2. e5 Nd5 3. d4 d6 4. f4 dxe5 5. fxe5 Nc6 6. Nf3 Bg4 7. c3 e6 8. Bd3 Be7 9. 0-0 0-0 10. Qc2 g6 11. Bh6 Re8 12. Nbd2 Bf8 13. Bg5 Be7 14. Bxe7 Qxe7 15. Rae1 a6 16. h3 Bf5 17. Ne4 Kg7 18. g4 Bxe4 19. Bxe4 Rab8 20. Qd2 Rf8 21. Nh2 Qd8 22. g5 Nde7 23. Bxc6 bxc6 24. b4 Nf5 25. Ng4 Qd5 26. Nf6 Qd8 27. Rxf5 exf5 28. Qf4 Qe7 29. Qh4 Rh8 30. Qh6# 1-0

[Event "Hessen-chB"]
[Site "Korbach"]
[Date "2013.03.28"]
[Round "3"]
[White "Kies, Wolfgang"]
[Black "Friedrich, Helmut"]
[Result "1-0"]
[WhiteElo "1894"]
[BlackElo "1696"]
[PlyCount "123"]
[EventDate "2013.03.27"]
[EventType "swiss"]
[EventRounds "7"]
[EventCountry "GER"]
[SourceTitle "EXT 2014"]
[Source "ChessBase"]
[SourceDate "2013.11.20"]
[SourceVersion "1"]
[SourceVersionDate "2013.11.20"]
[SourceQuality "1"]

1. d4 Nf6 2. c4 e6 3. Nc3 Bb4 4. Qc2 c5 5. e3 Nc6 6. Nf3 d5 7. a3 Bxc3+ 8. Qxc3 cxd4 9. exd4 h6 10. b3 0-0 11. Bd3 Qd6 12. 0-0 b6 13. c5 Qc7 14. b4 a6 15. Re1 Bb7 16. g3 Nh5 17. Bb2 b5 18. Ne5 Qe7 19. Nxc6 Bxc6 20. Bc2 Rae8 21. Qd3 f5 22. Bc1 Qf7 23. Bf4 Nxf4 24. gxf4 Qh5 25. a4 Qg4+ 26. Qg3 Qxg3+ 27. fxg3 g6 28. axb5 Bxb5 29. Ba4 Re7 30. Bxb5 axb5 31. Ra6 Kf7 32. Rea1 g5 33. Rb6 Rg8 34. Kf2 Kf6 35. Raa6 gxf4 36. gxf4 Rg4 37. Kf3 Rg1 38. Rxb5 Rf1+ 39. Ke3 Rh1 40. Rbb6 Rxh2 41. b5 Rh3+ 42. Kf2 Rd3 43. c6 Rxd4 44. Rb7 Rxf4+ 45. Ke3 Rc4 46. Raa7 Re8 47. Rf7+ Ke5 48. c7 d4+ 49. Kf2 Rc2+ 50. Ke1 Rg8 51. Kf1 d3 52. Rd7 d2 53. b6 Rc1+ 54. Ke2 Rg2+ 55. Kf3 Rgg1 56. Ra5+ Kf6 57. Rxd2 e5 58. b7 e4+ 59. Ke3 Rc4 60. c8Q f4+ 61. Kxf4 Rf1+ 62. Kg3 1-0

[Event "Bad Godesberg op 15th"]
[Site "Bad Godesberg"]
[Date "2011.07.25"]
[Round "3"]
[White "Kies, Wolfgang"]
[Black "Poell, Guenter"]
[Result "1-0"]
[WhiteElo "1834"]
[BlackElo "1681"]
[PlyCount "155"]
[EventDate "2011.07.23"]
[EventType "swiss"]
[EventRounds "9"]
[EventCountry "GER"]
[SourceTitle "EXT 2017"]
[Source "ChessBase"]
[SourceDate "2016.10.25"]
[SourceVersion "1"]
[SourceVersionDate "2016.10.25"]
[SourceQuality "1"]

1. c4 e6 2. Nc3 f5 3. g3 Nf6 4. Bg2 Be7 5. Nf3 0-0 6. 0-0 c6 7. d4 Ne4 8. d5 Nxc3 9. bxc3 Bf6 10. Qd3 Qa5 11. Bd2 Na6 12. Nd4 Nc5 13. Qc2 Qa4 14. Qxa4 Nxa4 15. Rfb1 Nb6 16. c5 Nc4 17. Be1 Bxd4 18. cxd4 exd5 19. Rc1 b5 20. Rc2 Bb7 21. Bd2 a5 22. Bf4 Rf6 23. Be5 Re6 24. Bf4 h6 25. h4 Rae8 26. e3 Kf7 27. h5 a4 28. Bh3 g6 29. hxg6+ Kxg6 30. g4 fxg4 31. Bxg4 R6e7 32. Kg2 h5 33. Be2 Rg8 34. Bd3+ Kf6+ 35. Kf3 Bc8 36. Bxc4 dxc4 37. Bd6 b4 38. Bxe7+ Kxe7 39. Rh1 d5 40. cxd6+ Kxd6 41. Rxc4 Bg4+ 42. Ke4 Be6 43. Kd3 Bxc4+ 44. Kxc4 Rb8 45. Rxh5 b3 46. axb3 axb3 47. Rh6+ Kc7 48. Rh1 Rf8 49. f4 Re8 50. Kd3 b2 51. Rb1 Rb8 52. Kc2 Re8 53. Re1 Rb8 54. Kb1 Kd6 55. Re2 Rb3 56. e4 Rb4 57. f5 Rxd4 58. e5+ Ke7 59. f6+ Ke6 60. Kxb2 Rf4 61. Kc3 c5 62. Re3 Ra4 63. Re2 Rf4 64. Re1 Rf2 65. Kc4 Rc2+ 66. Kb5 c4 67. Rf1 Rb2+ 68. Kxc4 Rc2+ 69. Kd3 Rc8 70. Kd4 Rd8+ 71. Ke4 Ra8 72. Kf4 Kf7 73. Kf5 Ra5 74. Rb1 Rc5 75. Rb7+ Kf8 76. Kg6 Rc8 77. Rh7 Kg8 78. f7+ 1-0

[Event "SVR-op 34th"]
[Site "Reil"]
[Date "2011.04.22"]
[Round "6"]
[White "Kies, Wolfgang"]
[Black "Maier, Arthur"]
[Result "1-0"]
[WhiteElo "1814"]
[BlackElo "1623"]
[PlyCount "81"]
[EventDate "2011.04.16"]
[EventType "swiss"]
[EventRounds "7"]
[EventCountry "GER"]
[SourceTitle "EXT 2013"]
[Source "ChessBase"]
[SourceDate "2012.11.22"]
[SourceVersion "1"]
[SourceVersionDate "2012.11.22"]
[SourceQuality "1"]

1. e4 c5 2. Nc3 Nc6 3. g3 d6 4. Bg2 e5 5. d3 f5 6. exf5 Bxf5 7. Nge2 Nf6 8. 0-0 Be7 9. Nd5 0-0 10. Nxe7+ Qxe7 11. Nc3 Qd7 12. f4 Bg4 13. Bf3 Nd4 14. Bxg4 Qxg4 15. Qxg4 Nxg4 16. h3 Nxc2 17. hxg4 Nxa1 18. Rf2 exf4 19. gxf4 Rae8 20. Kf1 d5 21. f5 c4 22. d4 Rd8 23. Bf4 Rd7 24. Be5 h6 25. Ke1 Ra8 26. Kd2 b5 27. Rf1 b4 28. Na4 Rdd8 29. Rxa1 a5 30. Rg1 Kh7 31. g5 hxg5 32. Rxg5 Ra7 33. Nc5 a4 34. Ne6 Rdd7 35. Nf8+ Kh8 36. Rh5+ Kg8 37. Ng6 Kf7 38. Rh8 c3+ 39. bxc3 bxc3+ 40. Kc2 a3 41. Rf8# 1-0

[Event "SVR-op 34th"]
[Site "Reil"]
[Date "2011.04.21"]
[Round "5"]
[White "Klink, Elke"]
[Black "Kies, Wolfgang"]
[Result "0-1"]
[WhiteElo "1541"]
[BlackElo "1814"]
[PlyCount "62"]
[EventDate "2011.04.16"]
[EventType "swiss"]
[EventRounds "7"]
[EventCountry "GER"]
[SourceTitle "EXT 2013"]
[Source "ChessBase"]
[SourceDate "2012.11.22"]
[SourceVersion "1"]
[SourceVersionDate "2012.11.22"]
[SourceQuality "1"]

1. d4 d5 2. Bf4 Nf6 3. e3 Bf5 4. Bd3 Bxd3 5. Qxd3 c6 6. h3 e6 7. Nf3 Bd6 8. Ne5 0-0 9. Nd2 Qe7 10. Bg5 Nbd7 11. f4 Qe8 12. Qe2 Ne4 13. Nxe4 dxe4 14. Nxd7 Qxd7 15. 0-0 f6 16. Bh4 Kh8 17. c3 e5 18. f5 Rae8 19. Rad1 exd4 20. Rxd4 Qe7 21. b4 Be5 22. Rc4 Rd8 23. Qc2 Rd3 24. Re1 Rfd8 25. Kf1 Qd7 26. g4 Qc7 27. Rxe4 Rd2 28. Qc1 Bxc3 29. Rd4 R8xd4 30. exd4 Qf4+ 31. Kg1 Bxd4+ 0-1

[Event "SVR-op 34th"]
[Site "Reil"]
[Date "2011.04.17"]
[Round "3"]
[White "Konstantinovskij, Dimitrij"]
[Black "Kies, Wolfgang"]
[Result "1/2-1/2"]
[WhiteElo "2002"]
[BlackElo "1814"]
[PlyCount "86"]
[EventDate "2011.04.16"]
[EventType "swiss"]
[EventRounds "7"]
[EventCountry "GER"]
[SourceTitle "EXT 2013"]
[Source "ChessBase"]
[SourceDate "2012.11.22"]
[SourceVersion "1"]
[SourceVersionDate "2012.11.22"]
[SourceQuality "1"]

1. e4 e5 2. Nf3 Nc6 3. d4 exd4 4. Nxd4 Bc5 5. Nf3 Nf6 6. Nc3 Ng4 7. Be3 Bxe3 8. fxe3 Nxe3 9. Qd2 Nxf1 10. Rxf1 d6 11. 0-0-0 Bg4 12. Nd5 Bxf3 13. Rxf3 Ne5 14. Rf5 0-0 15. Rdf1 c6 16. Nc3 Qb6 17. Nd1 Rad8 18. h3 a5 19. g4 a4 20. g5 a3 21. b3 Qc7 22. Qf4 b5 23. h4 b4 24. h5 Qe7 25. Ne3 Rb8 26. Rg1 Qa7 27. Rd1 Qe7 28. Rf1 Rbe8 29. Rd1 Ra8 30. Rd4 Qa7 31. Rd1 Qc5 32. Ng4 Qc3 33. h6 g6 34. Rf6 Nxg4 35. Qxg4 Rad8 36. Qh3 Qc5 37. Qg3 Qc3 38. Qg4 Qb2+ 39. Kd2 d5 40. Rxc6 dxe4+ 41. Ke2 Rxd1 42. Kxd1 Rd8+ 43. Ke2 Qe5 1/2-1/2

[Event "SVR-op 30th"]
[Site "Nickenich"]
[Date "2007.04.06"]
[Round "6"]
[White "Kies, Wolfgang"]
[Black "Pflaum, Pascal"]
[Result "1/2-1/2"]
[WhiteElo "1619"]
[BlackElo "1658"]
[PlyCount "78"]
[EventDate "2007.03.31"]
[EventType "swiss"]
[EventRounds "7"]
[EventCountry "GER"]
[SourceTitle "EXT 2009"]
[Source "ChessBase"]
[SourceDate "2008.11.26"]
[SourceVersion "1"]
[SourceVersionDate "2008.11.26"]
[SourceQuality "1"]

1. e4 e5 2. Nf3 Nf6 3. Nc3 Nc6 4. Bb5 d6 5. 0-0 Bd7 6. Re1 a6 7. Bxc6 Bxc6 8. d4 exd4 9. Qxd4 Be7 10. Bg5 0-0 11. Rad1 Nd7 12. Bxe7 Qxe7 13. Nd5 Qd8 14. c4 Re8 15. Nb4 Ne5 16. Nxe5 Rxe5 17. Nxc6 bxc6 18. f4 Rh5 19. g3 Qc8 20. Rd2 Qb7 21. e5 Rh6 22. Rde2 Rf8 23. b3 Qb6 24. c5 dxc5 25. Qc4 Qb5 26. e6 Rxe6 27. Rxe6 Qxc4 28. bxc4 fxe6 29. Rxe6 Rb8 30. Kf2 Rb2+ 31. Re2 Rb4 32. Rc2 Kf7 33. Ke3 a5 34. Kd3 Ke6 35. g4 a4 36. Kd2 Kd6 37. h3 Rb1 38. Rc1 Rb2+ 39. Rc2 Rb1 1/2-1/2

[Event "SVR-op 30th"]
[Site "Nickenich"]
[Date "2007.04.05"]
[Round "4"]
[White "Kies, Wolfgang"]
[Black "Endres, Thomas"]
[Result "1-0"]
[WhiteElo "1619"]
[BlackElo "1718"]
[PlyCount "43"]
[EventDate "2007.03.31"]
[EventType "swiss"]
[EventRounds "7"]
[EventCountry "GER"]
[SourceTitle "EXT 2009"]
[Source "ChessBase"]
[SourceDate "2008.11.26"]
[SourceVersion "1"]
[SourceVersionDate "2008.11.26"]
[SourceQuality "1"]

1. e4 e6 2. d4 c5 3. d5 e5 4. Nf3 d6 5. Bb5+ Bd7 6. Bxd7+ Qxd7 7. c4 Qg4 8. Nc3 Be7 9. 0-0 f5 10. Qa4+ Kf7 11. exf5 Qxf5 12. Nb5 Qd7 13. Qc2 h6 14. b3 a6 15. Nc3 b5 16. Bb2 Nf6 17. Ne4 g5 18. Bxe5 Qd8 19. Bb2 Nbd7 20. Nexg5+ hxg5 21. Nxg5+ Ke8 22. Qg6+ 1-0

[Event "SVR-op 30th"]
[Site "Nickenich"]
[Date "2007.04.05"]
[Round "5"]
[White "Schnur, Edmund"]
[Black "Kies, Wolfgang"]
[Result "1-0"]
[WhiteElo "2183"]
[BlackElo "1619"]
[PlyCount "95"]
[EventDate "2007.03.31"]
[EventType "swiss"]
[EventRounds "7"]
[EventCountry "GER"]
[SourceTitle "EXT 2009"]
[Source "ChessBase"]
[SourceDate "2008.11.26"]
[SourceVersion "1"]
[SourceVersionDate "2008.11.26"]
[SourceQuality "1"]

1. e4 e6 2. d4 d5 3. Nc3 Nf6 4. Bg5 Be7 5. e5 Nfd7 6. h4 c5 7. Nb5 Qa5+ 8. Bd2 Qb6 9. Bc3 Nc6 10. f4 cxd4 11. Nxd4 Nxd4 12. Bxd4 Bc5 13. Nf3 Bxd4 14. Qxd4 Qxd4 15. Nxd4 0-0 16. 0-0-0 Nc5 17. Bd3 b6 18. c3 Ba6 19. Bc2 Ne4 20. Bxe4 dxe4 21. Rhe1 Bd3 22. g4 b5 23. b3 a5 24. Kb2 Rac8 25. g5 b4 26. cxb4 axb4 27. Rc1 Rb8 28. Rc7 Rb6 29. Rec1 g6 30. R1c6 Rxc6 31. Nxc6 e3 32. Nxb4 Rd8 33. Nxd3 Rxd3 34. Rc1 Rd2+ 35. Ka3 Rf2 36. Re1 e2 37. b4 Kf8 38. Ka4 Ke7 39. Kb5 Kd7 40. a4 Kc7 41. a5 Kb7 42. a6+ Ka7 43. Ka5 Rxf4 44. Rxe2 Rxh4 45. Rf2 Re4 46. Rxf7+ Kb8 47. b5 Rxe5 48. Kb6 1-0

[Event "SVR-op 30th"]
[Site "Nickenich"]
[Date "2007.03.31"]
[Round "1"]
[White "Haak, Patrick"]
[Black "Kies, Wolfgang"]
[Result "0-1"]
[WhiteElo "1033"]
[BlackElo "1619"]
[PlyCount "66"]
[EventDate "2007.03.31"]
[EventType "swiss"]
[EventRounds "7"]
[EventCountry "GER"]
[SourceTitle "EXT 2009"]
[Source "ChessBase"]
[SourceDate "2008.11.26"]
[SourceVersion "1"]
[SourceVersionDate "2008.11.26"]
[SourceQuality "1"]

1. Nf3 d5 2. d4 Nf6 3. c4 e6 4. c5 b6 5. b4 Be7 6. Nc3 0-0 7. Qd3 a5 8. b5 bxc5 9. e4 cxd4 10. Nxd4 dxe4 11. Nxe4 Nxe4 12. Qxe4 Bb4+ 13. Bd2 Bxd2+ 14. Kxd2 Ra7 15. Bd3 g6 16. Rac1 Qf6 17. Ke3 Rd8 18. Rc4 Bb7 19. Qf4 Qxf4+ 20. Kxf4 Bxg2 21. Rhc1 Bd5 22. b6 cxb6 23. Rc8 Rad7 24. Bb5 Rd6 25. Rxd8+ Rxd8 26. Ke5 Kg7 27. Kf4 Bxa2 28. Nc6 Nxc6 29. Bxc6 Rc8 30. Ke5 Bd5 31. Kd6 Rxc6+ 32. Rxc6 Bxc6 33. Kxc6 a4 0-1

[Event "Dortmund Sparkassen op-B"]
[Site "Dortmund"]
[Date "2006.07.28"]
[Round "1"]
[White "Baron, Jens"]
[Black "Kies, Wolfgang"]
[Result "0-1"]
[WhiteElo "1316"]
[BlackElo "1644"]
[PlyCount "88"]
[EventDate "2006.07.28"]
[EventType "swiss"]
[EventRounds "9"]
[EventCountry "GER"]
[SourceTitle "CBM 113 Extra"]
[Source "ChessBase"]
[SourceDate "2006.09.14"]
[SourceVersion "1"]
[SourceVersionDate "2006.09.14"]
[SourceQuality "1"]

1. d4 d5 2. c4 e6 3. Nc3 Nf6 4. cxd5 exd5 5. Bg5 c6 6. e3 Be7 7. Bd3 0-0 8. Nge2 Bg4 9. 0-0 Nbd7 10. Qc2 Bxe2 11. Nxe2 h6 12. Bxf6 Nxf6 13. Ng3 Bd6 14. Nf5 Re8 15. Rfe1 g6 16. Nxh6+ Kg7 17. Nxf7 Bxh2+ 18. Kxh2 Qc7+ 19. Ne5 Ng4+ 20. Kg1 Nxe5 21. dxe5 Rxe5 22. Qc3 Kf7 23. f4 Rh5 24. Kf2 Rah8 25. Be2 Rh2 26. Bf3 Qe7 27. Rac1 Qh4+ 28. Ke2 Re8 29. Qb3 Qxf4 30. Qxb7+ Kf8 31. Qb3 d4 32. Qb4+ Kg7 33. Kd1 Rxe3 34. Rxe3 Qxe3 35. Qd2 Rh1+ 36. Kc2 d3+ 37. Kb3 Qxd2 38. Rxh1 Qc2+ 39. Ka3 c5 40. Rd1 g5 41. b3 Qc3 42. Bd5 Qb4+ 43. Kb2 Qd4+ 44. Kc1 Qxd5 0-1

[Event "Bahn-chGT"]
[Site "Winterberg"]
[Date "2004.09.26"]
[Round "1"]
[White "Philipp, Guenther"]
[Black "Kies, Wolfgang"]
[Result "0-1"]
[WhiteElo "1772"]
[BlackElo "1558"]
[PlyCount "86"]
[EventDate "2004.09.26"]
[EventType "swiss"]
[EventRounds "7"]
[EventCountry "GER"]
[SourceTitle "EXT 2013"]
[Source "ChessBase"]
[SourceDate "2012.11.22"]
[SourceVersion "1"]
[SourceVersionDate "2012.11.22"]
[SourceQuality "1"]

1. d4 e6 2. Nf3 f5 3. e3 Nf6 4. Bd3 b6 5. Nbd2 Bb7 6. 0-0 Be7 7. Re1 d5 8. Ne5 0-0 9. f4 Nbd7 10. Ndf3 Nxe5 11. Nxe5 Ne4 12. Rf1 Rf6 13. Bd2 Rh6 14. Bxe4 dxe4 15. c4 Qe8 16. b4 g5 17. g3 Bf6 18. Rf2 gxf4 19. gxf4 Bxe5 20. dxe5 Rd8 21. Qe2 Rd3 22. Rc1 Qa4 23. Bc3 Qa3 24. Qe1 Rh3 25. Rg2+ Kf7 26. Re2 a5 27. b5 Qc5 28. Bd4 Rxd4 29. exd4 Qxd4+ 30. Kf1 e3 31. Qd1 Qxf4+ 32. Kg1 Ke7 33. Qf1 Qg4+ 34. Rg2 Bxg2 35. Qxg2 Qxg2+ 36. Kxg2 Rh4 37. c5 bxc5 38. Rxc5 Kd7 39. Kg3 Re4 40. Rc1 e2 41. Re1 Rxe5 42. a4 Re4 43. Kf2 Kd6 0-1